Quiz de times de futebol da Arábia Saudita - Statistics

Estatísticas Gerais
  • Esse quiz foi jogado 27 vezes
  • A pontuação média é 11 de 17
Estatísticas das Respostas
Imagem Resposta % Correto
Hilal
100%
Gottah
89%
Shoulla
89%
Batin
85%
Hareq
85%
Jabalin
85%
Thuqbah
85%
Jeddah
81%
Najran
78%
Neom
78%
Jeel
67%
Okhdood
67%
Watani
48%
Kholood
11%
Ain Saudi
7%
Arabi Saudi
7%
Jubail
7%
Nenhum quiz correspondente encontrado
Distribuição das Pontuações
Porcentagem de Pessoas com Cada Pontuação
Percentil de Números Respondidos
Sua Pontuação Histórica
Você não jogou esse quiz